[Event "IV C.to Europeo seniores"]
[Site "Arvier ITA"]
[Date "2004.09.13"]
[Round "4"]
[White "Sorokina, Tamara"]
[Black "Stepak, Yedael"]
[Result "1/2-1/2"]
[WhiteElo "2154"]
[BlackElo "2302"]
[PlyCount "112"]
[EventDate "2004.09.10"]

1. c4 Nf6 2. Nc3 g6 3. Nf3 Bg7 4. g3 O-O 5. Bg2 d6 6. O-O Nc6 7. Rb1 a5 8. a3
e5 9. d3 h6 10. b4 axb4 11. axb4 Be6 12. b5 Ne7 13. Bb2 Qd7 14. c5 Nh5 15. d4
Bf5 16. Rc1 e4 17. Nh4 d5 18. Nxf5 Qxf5 19. e3 Qe6 20. Ra1 f5 21. Qd2 g5 22. f3
exf3 23. Bxf3 Nf6 24. Bg2 Ne4 25. Qd3 h5 26. Ba3 Rf7 27. Bb4 Rb8 28. Ra7 c6 29.
Ra3 Ng6 30. Nxe4 fxe4 31. Qe2 Rxf1+ 32. Qxf1 Ne7 33. Qe2 g4 34. Bd2 Nf5 35. Be1
Rf8 36. Bf2 Bh6 37. bxc6 bxc6 38. h3 Ne7 39. hxg4 hxg4 40. Ra7 Rf7 41. Ra8+ Kh7
42. Ra6 Qf5 43. Ra7 Bg5 44. Rb7 Qe6 45. Ra7 Rg7 46. Rb7 Nf5 47. Rxg7+ Nxg7 48.
Qd1 Qh6 49. Qxg4 Bxe3 50. Bxe4+ Kg8 51. Bg6 Bxf2+ 52. Kxf2 Qd2+ 53. Kg1 Qe1+
54. Kg2 Qd2+ 55. Kf1 Qc1+ 56. Ke2 Qb2+ 1/2-1/2

[Event "IV C.to Europeo seniores"]
[Site "Arvier ITA"]
[Date "2004.09.13"]
[Round "4"]
[White "Tseitlin, Mark D."]
[Black "Klovans, Janis"]
[Result "1/2-1/2"]
[WhiteElo "2484"]
[BlackElo "2456"]
[PlyCount "41"]
[EventDate "2004.09.10"]

1. e4 e5 2. Nf3 Nc6 3. Bb5 a6 4. Ba4 Nf6 5. O-O Be7 6. Re1 b5 7. Bb3 d6 8. c3
O-O 9. h3 Re8 10. d4 Bb7 11. Nbd2 Bf8 12. Bc2 Nb8 13. b3 Nbd7 14. Bb2 g6 15. d5
c6 16. c4 bxc4 17. dxc6 cxb3 18. Bxb3 Bxc6 19. Rc1 Nb8 20. Ng5 Ra7 21. f4
1/2-1/2

[Event "IV C.to Europeo seniores"]
[Site "Arvier ITA"]
[Date "2004.09.13"]
[Round "4"]
[White "Wagman, Stuart"]
[Black "Ljubarskij, Juri"]
[Result "0-1"]
[WhiteElo "2139"]
[BlackElo "2338"]
[PlyCount "68"]
[EventDate "2004.09.10"]

1. e4 e5 2. Nf3 Nc6 3. Nc3 Nf6 4. Bb5 Bb4 5. O-O Bxc3 6. bxc3 Qe7 7. Re1 d6 8.
d4 Bd7 9. Rb1 b6 10. Ba3 O-O-O 11. Bxc6 Bxc6 12. dxe5 Nxe4 13. exd6 Qf6 14. Qd4
Nxd6 15. Qxf6 gxf6 16. Nd4 Ba4 17. Nb3 c5 18. Rbd1 Nb5 19. Bb2 c4 20. Nd4 Nxd4
21. Rxd4 Rxd4 22. cxd4 Bxc2 23. Re7 a5 24. f3 Rd8 25. Rxf7 Rd6 26. Bc3 Bg6 27.
Re7 Kd8 28. Rb7 Re6 29. d5 Rd6 30. Rxb6 Rxb6 31. Bxa5 Kc7 32. d6+ Kc6 33. d7
Rb1+ 34. Kf2 Kxd7 0-1

[Event "IV C.to Europeo seniores"]
[Site "Arvier ITA"]
[Date "2004.09.14"]
[Round "5"]
[White "Adibekian, Roubik"]
[Black "Joksic, Sinisa"]
[Result "0-1"]
[WhiteElo "2219"]
[BlackElo "2340"]
[PlyCount "70"]
[EventDate "2004.09.10"]

1. d4 g6 2. g3 Bg7 3. Bg2 d6 4. c4 Nf6 5. Nc3 O-O 6. Nf3 Nbd7 7. O-O e5 8. e4
exd4 9. Nxd4 Re8 10. h3 Nc5 11. Re1 a5 12. Bf4 Nfd7 13. Be3 Ne5 14. Bf1 Bd7 15.
Qc2 a4 16. Rad1 Ne6 17. Qe2 Qc8 18. Bg2 Nxd4 19. Bxd4 Bxh3 20. Nd5 Bxg2 21.
Kxg2 Ra6 22. c5 dxc5 23. Bxc5 Rae6 24. Nf4 Rc6 25. Rd5 Nd7 26. Ba3 Nb6 27. Ra5
Rc4 28. e5 Qd7 29. Qf3 Qd2 30. e6 f6 31. Nd5 Qxe1 32. e7 Qxa5 33. Ne3 Rc6 34.
Qd1 f5 35. Qd3 Bf6 0-1

[Event "IV C.to Europeo seniores"]
[Site "Arvier ITA"]
[Date "2004.09.14"]
[Round "5"]
[White "Arkhangelsky, Boris"]
[Black "Macek, Vlasta"]
[Result "1-0"]
[WhiteElo "2376"]
[BlackElo "2230"]
[PlyCount "61"]
[EventDate "2004.09.10"]

1. d4 d5 2. c4 c6 3. Nf3 Nf6 4. Nc3 a6 5. Ne5 e6 6. Bf4 Nbd7 7. e3 Nxe5 8. Bxe5
Be7 9. Bd3 O-O 10. O-O b5 11. cxd5 cxd5 12. a4 b4 13. Na2 Bb7 14. Bxf6 Bxf6 15.
Nxb4 Qb6 16. Qd2 Be7 17. Nc2 a5 18. Na3 Bb4 19. Qe2 Bc6 20. Qc2 g6 21. Rfc1
Rfc8 22. Bb5 Bxa3 23. bxa3 Bb7 24. Qe2 Qd6 25. h4 Rxc1+ 26. Rxc1 Rc8 27. Rxc8+
Bxc8 28. Qc2 Bb7 29. Qc5 Qxc5 30. dxc5 e5 31. Bd7 1-0

[Event "IV C.to Europeo seniores"]
[Site "Arvier ITA"]
[Date "2004.09.14"]
[Round "5"]
[White "Beliaeva, Natalia"]
[Black "Arnaudov, Petar"]
[Result "0-1"]
[WhiteElo "2110"]
[BlackElo "2222"]
[PlyCount "62"]
[EventDate "2004.09.10"]

1. d4 g6 2. e4 Bg7 3. c4 Nc6 4. Nf3 e5 5. d5 Nd4 6. Be3 c5 7. dxc6 dxc6 8. h3
Ne7 9. Nc3 O-O 10. Be2 h6 11. Qd2 Kh7 12. g4 Be6 13. O-O-O c5 14. Nd5 Nc8 15.
g5 Bxd5 16. exd5 h5 17. Nh4 Nd6 18. f3 b5 19. Bxd4 cxd4 20. cxb5 e4 21. Ng2 d3
22. Bxd3 exd3 23. Kb1 Nc4 24. Qb4 Qxd5 25. Nf4 Qd4 26. Nxd3 a5 27. Qc5 a4 28.
Qxd4 Bxd4 29. Rh2 a3 30. b3 Ne3 31. Nb4 Nxd1 0-1

[Event "IV C.to Europeo seniores"]
[Site "Arvier ITA"]
[Date "2004.09.14"]
[Round "5"]
[White "Beltrami, Nerio"]
[Black "Asmundsson, Ingvar"]
[Result "0-1"]
[WhiteElo "1970"]
[BlackElo "2295"]
[PlyCount "144"]
[EventDate "2004.09.10"]

1. e4 c5 2. Nf3 e6 3. d4 cxd4 4. Nxd4 a6 5. Nc3 b5 6. Bd3 Bb7 7. O-O Qb6 8. Nb3
Qc7 9. Be3 Nf6 10. a3 d5 11. exd5 Nxd5 12. Nxd5 Bxd5 13. Qg4 Bd6 14. f4 f5 15.
Qh5+ Qf7 16. Qe2 O-O 17. Bd4 Nc6 18. Bc3 Qc7 19. Qe3 Rae8 20. Kh1 e5 21. fxe5
Bxe5 22. Rxf5 Rxf5 23. Bxf5 Qf7 24. Qh3 g6 25. Bd3 Bxc3 26. bxc3 Qf2 27. Qg3
Qxg3 28. hxg3 Re3 29. Nd2 Rxg3 30. Ne4 Bxe4 31. Bxe4 Rxc3 32. Rd1 Ne5 33. Bd5+
Kg7 34. Bb3 Ng4 35. Rd7+ Kh6 36. Ra7 Rc6 37. a4 bxa4 38. Bxa4 Rd6 39. g3 Nf6
40. Kg2 Kg5 41. Kf3 h5 42. Bb3 Rc6 43. Ba4 Rc3+ 44. Kg2 Ne4 45. Rxa6 Rxg3+ 46.
Kh2 h4 47. Be8 Kh6 48. c4 Nd2 49. Bc6 Nf3+ 50. Bxf3 Rxf3 51. Rd6 Rc3 52. Rd4 g5
53. Kg2 Kh5 54. Kh2 h3 55. Re4 g4 56. Rd4 Kh4 57. Re4 Rc2+ 58. Kg1 Kg3 59. Re3+
Kf4 60. Rd3 Rxc4 61. Kh2 Rc2+ 62. Kg1 Kg5 63. Kh1 Kh4 64. Rd4 Kg3 65. Rd3+ Kf4
66. Rd4+ Kf3 67. Rd3+ Ke4 68. Rg3 Kf4 69. Rd3 Re2 70. Ra3 Re3 71. Ra4+ Kf3 72.
Ra2 Re1+ 0-1

[Event "IV C.to Europeo seniores"]
[Site "Arvier ITA"]
[Date "2004.09.14"]
[Round "5"]
[White "Benito Alba, Eladio"]
[Black "Pipitone, Antonio"]
[Result "0-1"]
[WhiteElo "1948"]
[BlackElo "2029"]
[PlyCount "102"]
[EventDate "2004.09.10"]

1. d4 Nf6 2. Nf3 g6 3. g3 Bg7 4. Bg2 d6 5. b3 c5 6. e3 cxd4 7. exd4 d5 8. O-O
O-O 9. h3 Nc6 10. Bb2 Re8 11. Nbd2 Bf5 12. a3 Rc8 13. Rc1 Qc7 14. c4 dxc4 15.
Nxc4 Be4 16. Nce5 Qd8 17. Qe2 Qb6 18. Nxc6 Bxc6 19. Qd1 Bd5 20. b4 a5 21. Ne5
Bxg2 22. Kxg2 Rxc1 23. Qxc1 axb4 24. Qc4 e6 25. axb4 Nd5 26. Nd3 Rd8 27. Rc1 h5
28. h4 Kh7 29. b5 Rd7 30. Qc5 Qa5 31. Qc8 Re7 32. Ra1 Qxb5 33. Ra8 Nf6 34. Qc2
Qd5+ 35. Kg1 Re8 36. Nf4 Qd7 37. Rxe8 Qxe8 38. Qb3 Qd7 39. Nd3 Qc6 40. Ne5 Qc7
41. Nd3 Nd5 42. Nc5 b6 43. Na6 Qc6 44. Qd3 b5 45. Qa3 Qc2 46. Nc5 Bxd4 47. Bxd4
Qd1+ 48. Kg2 Qxd4 49. Qc1 b4 50. Nd7 Ne3+ 51. fxe3 Qxd7 0-1

[Event "IV C.to Europeo seniores"]
[Site "Arvier ITA"]
[Date "2004.09.14"]
[Round "5"]
[White "Cleal, John"]
[Black "Hilburt, Leonid"]
[Result "0-1"]
[WhiteElo "2052"]
[BlackElo "2237"]
[PlyCount "106"]
[EventDate "2004.09.10"]

1. e4 e5 2. Nc3 Nf6 3. f4 d5 4. fxe5 Nxe4 5. Nf3 Nxc3 6. dxc3 Be7 7. Bf4 Bg4 8.
Be2 c6 9. O-O O-O 10. Kh1 Nd7 11. Nd4 Bxe2 12. Qxe2 Bg5 13. e6 Nc5 14. exf7+
Rxf7 15. Bxg5 Rxf1+ 16. Rxf1 Qxg5 17. Qf3 Qe7 18. Nf5 Qd7 19. Qg4 Kh8 20. Re1
Ne4 21. Kg1 Rf8 22. Ne3 Qxg4 23. Nxg4 Re8 24. c4 dxc4 25. Nf2 Nf6 26. Rxe8+
Nxe8 27. Ne4 Nf6 28. Nd6 c3 29. bxc3 b5 30. c4 b4 31. Kf1 Ng4 32. Ke2 Nxh2 33.
Nc8 Ng4 34. Nxa7 Ne5 35. c5 g5 36. Ke3 Kg7 37. Nc8 Kf6 38. Nd6 h5 39. c3 bxc3
40. a4 Nd7 41. Nb7 h4 42. a5 Nb8 43. Nd6 c2 44. Kd2 g4 45. Kxc2 h3 46. gxh3
gxh3 47. Ne4+ Kf5 48. Nf2 h2 49. Kd3 Kf4 50. Ke2 Na6 51. Kf1 Kf3 52. Nh1 Nxc5
53. Nf2 Na6 0-1

[Event "IV C.to Europeo seniores"]
[Site "Arvier ITA"]
[Date "2004.09.14"]
[Round "5"]
[White "Fainstein, Vladimir"]
[Black "Kock, Hans-Uwe"]
[Result "0-1"]
[WhiteElo "2103"]
[BlackElo "2172"]
[PlyCount "136"]
[EventDate "2004.09.10"]

1. d4 Nf6 2. c4 g6 3. g3 Bg7 4. Bg2 c6 5. Nc3 O-O 6. Nf3 d6 7. O-O Nbd7 8. Bg5
h6 9. Bf4 Qe8 10. Qc1 Kh7 11. d5 Nb6 12. dxc6 bxc6 13. b3 e5 14. Bd2 d5 15. c5
Nbd7 16. Na4 Ne4 17. Ba5 Ba6 18. Nd2 Ng5 19. Re1 Ne6 20. e4 d4 21. Nc4 Bb5 22.
Ncb2 Qc8 23. Qc2 Qa6 24. Bb4 Rab8 25. Ba3 d3 26. Qd2 Nd4 27. Rac1 Nf6 28. Kh1
Nc2 29. Rxc2 dxc2 30. Qxc2 Rbd8 31. Bb4 Rfe8 32. Nc3 Qb7 33. Nxb5 Qxb5 34. Bd2
Nd7 35. b4 Bf8 36. Nc4 f6 37. Bf1 Qb8 38. Bc3 Be7 39. Na5 Qc8 40. Bh3 Qc7 41.
Qb3 Kg7 42. Qa4 Nb8 43. Qc2 Bf8 44. Rf1 Kh7 45. Nc4 Bg7 46. Nd6 Rxd6 47. cxd6
Qxd6 48. Rd1 Qc7 49. Qd3 Qb6 50. Kg1 Bf8 51. Qc4 Kg7 52. a3 Qb5 53. Qa2 Qa4 54.
Rd2 c5 55. Qb2 cxb4 56. axb4 Qc6 57. Rd5 Qb6 58. Bf1 Rd8 59. Rb5 Qc6 60. Ra5 a6
61. b5 axb5 62. Ra7+ Kg8 63. Qxb5 Qxc3 64. Qb7 Nd7 65. Bb5 Bc5 66. Bxd7 Qe1+
67. Kg2 Qxf2+ 68. Kh3 Bxa7 0-1

[Event "IV C.to Europeo seniores"]
[Site "Arvier ITA"]
[Date "2004.09.14"]
[Round "5"]
[White "Gardi, Giuseppe"]
[Black "Profaizer, Gino"]
[Result "1-0"]
[WhiteElo "2061"]
[BlackElo "1990"]
[PlyCount "31"]
[EventDate "2004.09.10"]

1. d4 d5 2. Nf3 Nf6 3. Bf4 Bf5 4. e3 e6 5. c4 Bxb1 6. Rxb1 Bb4+ 7. Ke2 O-O 8.
c5 c6 9. Qb3 Na6 10. Bd6 Ne4 11. Bxf8 Kxf8 12. a3 Qa5 13. Rd1 b6 14. axb4 Nxb4
15. Nd2 Nf6 16. Qa3 1-0

[Event "IV C.to Europeo seniores"]
[Site "Arvier ITA"]
[Date "2004.09.14"]
[Round "5"]
[White "Gousseinov, Aguif"]
[Black "Gruzmann, Boris"]
[Result "1/2-1/2"]
[WhiteElo "2059"]
[BlackElo "2314"]
[PlyCount "70"]
[EventDate "2004.09.10"]

1. e4 c5 2. Nc3 e6 3. f4 d5 4. e5 Nc6 5. Nf3 Nge7 6. Be2 Nf5 7. d3 b5 8. g4
Nfd4 9. O-O h5 10. g5 g6 11. Be3 Nf5 12. Bf2 b4 13. Na4 Qa5 14. b3 Bd7 15. Qd2
Rc8 16. Rfc1 Be7 17. c4 bxc3 18. Qxc3 Qxc3 19. Rxc3 Ncd4 20. Nxd4 cxd4 21.
Rxc8+ Bxc8 22. Rc1 Kd7 23. Nc5+ Bxc5 24. Rxc5 Bb7 25. b4 Rb8 26. a4 Bc8 27. Be1
Rb7 28. Kf2 Rc7 29. Rxc7+ Kxc7 30. Bd2 Kb6 31. Ke1 a6 32. Bc1 Bd7 33. Bd1 Be8
34. Bb2 Kb7 35. Bb3 Bd7 1/2-1/2

[Event "IV C.to Europeo seniores"]
[Site "Arvier ITA"]
[Date "2004.09.14"]
[Round "5"]
[White "Hallerod, Ralph"]
[Black "Trifunovic, Dusan"]
[Result "1-0"]
[WhiteElo "2111"]
[BlackElo "2020"]
[PlyCount "109"]
[EventDate "2004.09.10"]

1. d4 d5 2. c4 e5 3. dxe5 dxc4 4. Qc2 Nc6 5. Nf3 Be6 6. a3 Nge7 7. Bf4 Ng6 8.
Bg3 Nd4 9. Nxd4 Qxd4 10. e3 Qc5 11. Qc3 Be7 12. Nd2 b5 13. Be2 O-O 14. O-O a5
15. f4 f5 16. Bf2 Qc6 17. a4 Bb4 18. Qc2 Bxd2 19. axb5 Qxb5 20. Qxd2 Rfb8 21.
Rfc1 Qxb2 22. Qxb2 Rxb2 23. Bxc4 Nf8 24. Bd3 Rd2 25. Bb5 Rb2 26. Bc6 Ra6 27. e4
g6 28. Bd5 fxe4 29. Bxe4 Rb4 30. Bd3 Ra8 31. g3 Bf5 32. Bxf5 gxf5 33. Bc5 Rb7
34. Bxf8 Kxf8 35. Ra4 Raa7 36. Rc5 Rb1+ 37. Kg2 Rb2+ 38. Kh3 Ra6 39. e6 Rxe6
40. Rxf5+ Kg7 41. Raxa5 Rh6+ 42. Rh5 Rxh5+ 43. Rxh5 Rc2 44. Kg4 c5 45. h3 c4
46. Rc5 c3 47. Kf5 Rc1 48. Rc7+ Kf8 49. Kf6 Ke8 50. f5 c2 51. g4 Rh1 52. Rc8+
Kd7 53. Rxc2 Rxh3 54. g5 Rg3 55. Rh2 1-0

[Event "IV C.to Europeo seniores"]
[Site "Arvier ITA"]
[Date "2004.09.14"]
[Round "5"]
[White "Hecht, Hans-Joachim"]
[Black "Van den Berg, Adrianus M.J."]
[Result "1/2-1/2"]
[WhiteElo "2423"]
[BlackElo "2286"]
[PlyCount "32"]
[EventDate "2004.09.10"]

1. d4 Nf6 2. c4 c5 3. d5 e5 4. Nc3 d6 5. e4 Be7 6. Bd3 Nbd7 7. Nge2 h5 8. h4 g6
9. g3 Kf8 10. f3 Kg7 11. Be3 Ne8 12. Qd2 Nc7 13. Kf1 Nf6 14. Kg2 Bd7 15. Rab1
Qe8 16. b4 cxb4 1/2-1/2

[Event "IV C.to Europeo seniores"]
[Site "Arvier ITA"]
[Date "2004.09.14"]
[Round "5"]
[White "Jansa, Vlastimil"]
[Black "Bukal, Vladimir sr"]
[Result "1-0"]
[WhiteElo "2500"]
[BlackElo "2397"]
[PlyCount "87"]
[EventDate "2004.09.10"]

1. e4 e6 2. d4 d5 3. Nd2 Nf6 4. e5 Nfd7 5. c3 c5 6. Bd3 Nc6 7. Ne2 cxd4 8. cxd4
a5 9. O-O a4 10. Nf3 Be7 11. Nc3 Nb6 12. a3 Bd7 13. Bc2 Nb8 14. g3 Bc6 15. h4
h6 16. Rb1 Qd7 17. Nh2 h5 18. Nf3 Nc4 19. Ng5 b5 20. Nh7 g6 21. Nf6+ Bxf6 22.
exf6 Na6 23. b3 axb3 24. Rxb3 Nc7 25. Na2 Kf8 26. Nb4 Ne8 27. Qf3 Ned6 28. Re1
Bb7 29. Qf4 Ne4 30. Nd3 Rc8 31. f3 e5 32. dxe5 Na5 33. Rb2 Nc4 34. Rb4 Nc3 35.
Kh2 Na2 36. Rb3 Nxc1 37. Qxc1 d4 38. e6 fxe6 39. Qg5 Ne3 40. Bb1 Qd5 41. Nf4
Qxb3 42. Nxg6+ Ke8 43. f7+ Kxf7 44. Ne5+ 1-0

[Event "IV C.to Europeo seniores"]
[Site "Arvier ITA"]
[Date "2004.09.14"]
[Round "5"]
[White "Klovans, Janis"]
[Black "Shabanov, Yuri"]
[Result "1-0"]
[WhiteElo "2456"]
[BlackElo "2429"]
[PlyCount "105"]
[EventDate "2004.09.10"]

1. e4 c5 2. Nf3 Nc6 3. d4 cxd4 4. Nxd4 Nf6 5. Nc3 e6 6. Ndb5 Bb4 7. a3 Bxc3+ 8.
Nxc3 d5 9. exd5 exd5 10. Bd3 O-O 11. O-O d4 12. Ne2 Bg4 13. Bg5 Qd6 14. Re1
Rfe8 15. Qd2 Bxe2 16. Rxe2 Rxe2 17. Qxe2 Re8 18. Qd2 Qe6 19. Qf4 Nd5 20. Qh4 h6
21. Bd2 g5 22. Qg3 Qf6 23. h4 Nf4 24. Bxf4 Qxf4 25. Qxf4 gxf4 26. Kf1 Kg7 27.
Rd1 Re5 28. b4 Rh5 29. Be4 Rxh4 30. Ke2 Kf6 31. b5 Na5 32. Rxd4 Ke5 33. Kd3 Rh1
34. Bf3 Ra1 35. Re4+ Kf5 36. Ra4 b6 37. Kc3 Kg5 38. Rd4 f5 39. Kb2 Re1 40. Rd7
Nc4+ 41. Kb3 Ne5 42. Rxa7 Nxf3 43. gxf3 h5 44. a4 h4 45. Rh7 Rh1 46. Rh8 Kg6
47. a5 bxa5 48. Kb2 Rd1 49. Rxh4 Rd5 50. c4 Rd3 51. b6 a4 52. c5 Rxf3 53. Rh2
1-0

[Event "IV C.to Europeo seniores"]
[Site "Arvier ITA"]
[Date "2004.09.14"]
[Round "5"]
[White "Komysheva, Margarita"]
[Black "Labarthe, Arnaud"]
[Result "1-0"]
[WhiteElo "2208"]
[BlackElo "2028"]
[PlyCount "73"]
[EventDate "2004.09.10"]

1. e4 d5 2. exd5 Nf6 3. Bb5+ Bd7 4. Bc4 Bg4 5. f3 Bf5 6. g4 Bg6 7. h4 h5 8. g5
Nxd5 9. d4 Qd6 10. Ne2 Qb4+ 11. Nd2 Ne3 12. c3 Nxd1 13. cxb4 Ne3 14. Bb3 e6 15.
a3 Nc6 16. Ne4 Nf5 17. Nf4 Nfxd4 18. Nxg6 Nxb3 19. Nxh8 Nxa1 20. g6 Ne5 21.
gxf7+ Nxf7 22. Nxf7 Kxf7 23. Bf4 Be7 24. Kd2 a5 25. Rxa1 axb4 26. Bxc7 bxa3 27.
bxa3 Bxh4 28. a4 Be7 29. a5 h4 30. Ke3 g5 31. Rb1 Ra7 32. Rb5 h3 33. Nf2 h2 34.
Ke2 Ke8 35. Kf1 Kd7 36. Bb8 Kc6 37. Rb6+ 1-0

[Event "IV C.to Europeo seniores"]
[Site "Arvier ITA"]
[Date "2004.09.14"]
[Round "5"]
[White "Lein, Marina"]
[Black "Ofstad, Per"]
[Result "1/2-1/2"]
[WhiteElo "2007"]
[BlackElo "2208"]
[PlyCount "51"]
[EventDate "2004.09.10"]

1. Nf3 Nf6 2. g3 d5 3. Bg2 g6 4. b3 Bg7 5. Bb2 O-O 6. O-O c5 7. d3 Nc6 8. Nbd2
e6 9. c4 Qc7 10. Rc1 d4 11. Ng5 a5 12. Nde4 Nxe4 13. Nxe4 b6 14. f4 Ra7 15. e3
Rd8 16. a3 f5 17. Ng5 dxe3 18. Bxg7 Kxg7 19. Re1 Nd4 20. Rxe3 Qd6 21. Nf3 Bb7
22. Ne5 Bxg2 23. Kxg2 Nc6 24. Nxc6 Qxc6+ 25. Qf3 Qxf3+ 26. Kxf3 1/2-1/2

[Event "IV C.to Europeo seniores"]
[Site "Arvier ITA"]
[Date "2004.09.14"]
[Round "5"]
[White "Ljubarskij, Juri"]
[Black "Tseitlin, Mark D."]
[Result "0-1"]
[WhiteElo "2338"]
[BlackElo "2484"]
[PlyCount "98"]
[EventDate "2004.09.10"]

1. e4 c5 2. Nc3 Nc6 3. f4 g6 4. Nf3 Bg7 5. Bc4 e6 6. f5 Nge7 7. fxe6 dxe6 8.
O-O O-O 9. d3 Na5 10. Qe1 Nec6 11. Bg5 f6 12. Be3 Nd4 13. Qf2 Nxc4 14. dxc4
Nxf3+ 15. Qxf3 Qe7 16. Rad1 b6 17. Bf4 Qf7 18. Bd6 Rd8 19. Be5 Rxd1 20. Qxd1
Ba6 21. Bxf6 Bxc4 22. Rf2 Rf8 23. e5 Bh6 24. Rf3 Qb7 25. Qe1 Qd7 26. h4 Qd4+
27. Kh1 Qd2 28. Qe4 Qd4 29. Qb7 Rf7 30. Qa8+ Bf8 31. b3 Ba6 32. Be7 Bb7 33.
Qxb7 Bxe7 34. Rxf7 Kxf7 35. Ne4 Qa1+ 36. Kh2 Qxe5+ 37. g3 h6 38. a4 Qd5 39.
Qxd5 exd5 40. Nc3 Ke6 41. Nb5 a6 42. Nc3 Bf6 43. Nd1 c4 44. Kg2 Bd4 45. Kf3
cxb3 46. cxb3 Kf5 47. g4+ Ke5 48. b4 h5 49. g5 a5 0-1

[Event "IV C.to Europeo seniores"]
[Site "Arvier ITA"]
[Date "2004.09.14"]
[Round "5"]
[White "Loktiev, Ivan"]
[Black "Rosino, Antonio"]
[Result "1/2-1/2"]
[WhiteElo "2410"]
[BlackElo "2277"]
[PlyCount "54"]
[EventDate "2004.09.10"]

1. d4 Nf6 2. c4 g6 3. d5 d6 4. Nc3 e5 5. e4 Bg7 6. Be2 c6 7. Nf3 O-O 8. O-O a6
9. Bg5 h6 10. Bc1 cxd5 11. cxd5 b5 12. a3 Nbd7 13. Ne1 Nc5 14. f3 Bd7 15. Be3
Nh5 16. b4 Na4 17. Nxa4 bxa4 18. Nd3 Bb5 19. Qd2 Kh7 20. Rac1 f5 21. Nb2 fxe4
22. fxe4 Qh4 23. Rxf8 Rxf8 24. Bxh5 Qxh5 25. Nd3 g5 26. Nf2 Qg6 27. h3 Bf6
1/2-1/2

[Event "IV C.to Europeo seniores"]
[Site "Arvier ITA"]
[Date "2004.09.14"]
[Round "5"]
[White "Popivoda, Radmila"]
[Black "Jakobsen, Ole"]
[Result "1/2-1/2"]
[WhiteElo "2234"]
[BlackElo "2379"]
[PlyCount "50"]
[EventDate "2004.09.10"]

1. e4 c5 2. f4 e6 3. Nf3 d5 4. Bb5+ Bd7 5. Bxd7+ Nxd7 6. d3 Ngf6 7. Qe2 dxe4 8.
dxe4 Be7 9. O-O O-O 10. Nbd2 Qc7 11. g3 Rad8 12. b3 Nb8 13. Ne5 Nc6 14. Nxc6
Qxc6 15. Re1 Rc8 16. c4 Rfd8 17. Bb2 Qd7 18. Nf3 Qd3 19. Ne5 Qxe2 20. Rxe2 Nd7
21. Nf3 Nb8 22. Kf2 Nc6 23. Ke3 Rd7 24. Rd2 Rxd2 25. Kxd2 Rd8+ 1/2-1/2

[Event "IV C.to Europeo seniores"]
[Site "Arvier ITA"]
[Date "2004.09.14"]
[Round "5"]
[White "Rotelli, Pietro"]
[Black "Estrada Martinez, Cesar"]
[Result "0-1"]
[WhiteElo "2031"]
[BlackElo "2235"]
[PlyCount "64"]
[EventDate "2004.09.10"]

1. d4 Nf6 2. c4 c5 3. e3 g6 4. Nc3 Bg7 5. Nf3 O-O 6. Be2 cxd4 7. exd4 d5 8. h3
Nc6 9. O-O dxc4 10. Bxc4 Na5 11. Bd3 Be6 12. Be3 Rc8 13. Rc1 Bc4 14. b3 Bxd3
15. Qxd3 Nc6 16. Rfd1 Nd5 17. Nxd5 Qxd5 18. Rc5 Qd7 19. Ne5 Nxe5 20. dxe5 Qxd3
21. Rxd3 Rxc5 22. Bxc5 Rc8 23. Bd4 Rd8 24. f4 f6 25. Rd2 fxe5 26. Bc3 Rxd2 27.
Bxd2 Bh6 28. g3 exf4 29. Bxf4 Bxf4 30. gxf4 Kf7 31. Kf2 Kf6 32. Kf3 Kf5 0-1

[Event "IV C.to Europeo seniores"]
[Site "Arvier ITA"]
[Date "2004.09.14"]
[Round "5"]
[White "Schneiders, Albert"]
[Black "Krasevec, Viktor"]
[Result "1/2-1/2"]
[WhiteElo "2236"]
[BlackElo "2043"]
[PlyCount "48"]
[EventDate "2004.09.10"]

1. d4 Nf6 2. c4 e6 3. Nf3 d5 4. cxd5 exd5 5. Bg5 c6 6. e3 Qa5+ 7. Nbd2 Ne4 8.
Bf4 Bg4 9. a3 Nxd2 10. Qxd2 Qxd2+ 11. Nxd2 Nd7 12. Bd3 Nf6 13. Be5 Nd7 14. Bg3
Be7 15. b4 a6 16. Nb3 Nf6 17. f3 Bc8 18. Bc7 O-O 19. g4 Ne8 20. Bg3 Bd6 21.
Bxd6 Nxd6 22. Kf2 Be6 23. h3 f5 24. Nc5 Rae8 1/2-1/2

[Event "IV C.to Europeo seniores"]
[Site "Arvier ITA"]
[Date "2004.09.14"]
[Round "5"]
[White "Sorokin, Valentin"]
[Black "Karl, Hans"]
[Result "1-0"]
[WhiteElo "2388"]
[BlackElo "2283"]
[PlyCount "69"]
[EventDate "2004.09.10"]

1. d4 Nf6 2. c4 g6 3. Nc3 Bg7 4. e4 d6 5. h3 O-O 6. Bg5 c5 7. d5 e6 8. Bd3 exd5
9. cxd5 Re8 10. Nf3 Na6 11. O-O Nc7 12. Nd2 Qe7 13. Re1 Qf8 14. a4 h6 15. Bh4
Bd7 16. Nc4 b5 17. axb5 Bxb5 18. Nxd6 Qxd6 19. Bxb5 Nxb5 20. Nxb5 Qb6 21. Nc3
Qxb2 22. Na4 Qb4 23. Rb1 Qa5 24. d6 g5 25. Bg3 Nxe4 26. d7 Re7 27. Qd5 Rd8 28.
Rxe4 Rexd7 29. Re8+ Bf8 30. Qc6 Rxe8 31. Qxd7 Re4 32. Rb8 Qxa4 33. Qc8 Qa1+ 34.
Kh2 Qg7 35. Bd6 1-0

[Event "IV C.to Europeo seniores"]
[Site "Arvier ITA"]
[Date "2004.09.14"]
[Round "5"]
[White "Strelnikova, Elena"]
[Black "Marjanovic, Slavko"]
[Result "0-1"]
[WhiteElo "2133"]
[BlackElo "2024"]
[PlyCount "120"]
[EventDate "2004.09.10"]

1. e4 c5 2. c3 e6 3. d4 d5 4. e5 Nc6 5. Nf3 Qb6 6. a3 c4 7. Nbd2 f6 8. exf6
Nxf6 9. g3 Bd6 10. Bg2 O-O 11. O-O Bd7 12. Qe2 e5 13. Nxe5 Nxe5 14. dxe5 Rae8
15. Nf3 Ng4 16. Bf4 Bc6 17. h3 Nxe5 18. Nxe5 Bxe5 19. Bxe5 Rf5 20. Bd4 Rxe2 21.
Bxb6 axb6 22. Rab1 Rfe5 23. Bf3 Rd2 24. Rfd1 Rxd1+ 25. Rxd1 Kf7 26. Kf1 Ke6 27.
Rd4 Kd6 28. Bg2 Kc5 29. Bf3 Bd7 30. Kg2 Bc6 31. Bd1 Bd7 32. f4 Re1 33. Bf3 Bc6
34. Kf2 Re7 35. Rd2 b5 36. Rd4 Kd6 37. h4 Re8 38. h5 Re7 39. Bd1 Bd7 40. Bf3
Be6 41. g4 Bf7 42. g5 b6 43. g6 hxg6 44. hxg6 Bg8 45. Bg4 Re8 46. Rd1 Re4 47.
Kf3 Re8 48. Bf5 Re7 49. Rh1 Re8 50. Bc2 d4 51. cxd4 Bd5+ 52. Kf2 Bxh1 53. a4
Be4 54. Bd1 Bxg6 55. axb5 Re4 56. Bf3 Rxd4 57. Ke3 Rd3+ 58. Ke2 Rb3 59. Bc6
Rxb2+ 60. Ke3 c3 0-1

[Event "IV C.to Europeo seniores"]
[Site "Arvier ITA"]
[Date "2004.09.15"]
[Round "6"]
[White "Arnaudov, Petar"]
[Black "Stepak, Yedael"]
[Result "1-0"]
[WhiteElo "2222"]
[BlackElo "2302"]
[PlyCount "121"]
[EventDate "2004.09.10"]

1. e4 c5 2. g3 Nc6 3. Bg2 g6 4. d3 Bg7 5. Nc3 d6 6. Be3 e6 7. Qd2 h6 8. Nf3 e5
9. O-O Nge7 10. Ne1 Be6 11. f4 exf4 12. Bxf4 g5 13. Be3 Ne5 14. Kh1 Qd7 15. Nf3
b6 16. Bg1 O-O 17. h4 Nxf3 18. Rxf3 g4 19. Rff1 d5 20. exd5 Nxd5 21. Rae1 Rae8
22. a3 Nxc3 23. bxc3 f5 24. Be3 Kh7 25. c4 Qa4 26. Bf4 Bd7 27. Bd6 Rxe1 28.
Rxe1 Re8 29. Rxe8 Bxe8 30. Qe2 Qd7 31. Bf4 Bf7 32. Kh2 Bf6 33. Qe3 Bd4 34. Qd2
Bg7 35. Ba8 Qe8 36. Bd5 Bg6 37. Bc7 Bd4 38. Bf4 Bg7 39. Kg2 Bf7 40. Kf1 Qd7 41.
Qg2 h5 42. a4 Qe7 43. Bxf7 Qxf7 44. Qd5 Qf6 45. Kf2 Kg6 46. Qd7 Kh7 47. Kf1 Kg6
48. Ke2 Qf7 49. Qc6+ Kh7 50. Kd2 Qe7 51. c3 Bf6 52. Qd6 Qxd6 53. Bxd6 Bd8 54.
Ke3 Kg6 55. d4 a6 56. Be5 cxd4+ 57. cxd4 a5 58. c5 bxc5 59. dxc5 Be7 60. c6
Bc5+ 61. Kd3 1-0

[Event "IV C.to Europeo seniores"]
[Site "Arvier ITA"]
[Date "2004.09.15"]
[Round "6"]
[White "Beltrami, Nerio"]
[Black "Etmans, Maarten D."]
[Result "0-1"]
[WhiteElo "1970"]
[BlackElo "2213"]
[PlyCount "104"]
[EventDate "2004.09.10"]

1. e4 Nf6 2. e5 Ng8 3. d4 d6 4. Nf3 Bg4 5. h3 Bxf3 6. Qxf3 c6 7. Bd3 dxe5 8.
dxe5 Qa5+ 9. Nc3 Qxe5+ 10. Be3 e6 11. O-O-O Nf6 12. Bf4 Qa5 13. Kb1 Be7 14. Nb5
Na6 15. Nd6+ Bxd6 16. Bxd6 O-O-O 17. Bc4 Rd7 18. Rd3 Rhd8 19. Ra3 Qf5 20. Bf4
Nb4 21. Rc3 Ne4 22. Rd3 Nxd3 23. Bxd3 g5 24. Be3 Qxf3 25. gxf3 Nd6 26. Bxg5 Rg8
27. Bf4 Nf5 28. h4 Rg2 29. Bxf5 exf5 30. Bg3 f4 31. Bxf4 Rxf2 32. Re1 Rxf3 33.
Bc1 f5 34. b3 Rf7 35. Bg5 f4 36. Kc1 Rf2 37. Re4 f3 38. Kd1 Rh2 39. Re1 Rg2 40.
Rf1 Kd7 41. a3 Kd6 42. a4 Kd5 43. Re1 f2 44. Rf1 Rg1 45. Ke2 Rxf1 46. Kxf1 Ke4
47. h5 Rf5 48. Bh4 Rxh5 49. Bxf2 Kf3 50. Bxa7 Rh1+ 51. Bg1 h5 52. a5 h4 0-1